NFL Player College Teams - Statistics

General Stats
  • This quiz has been taken 144 times
  • The average score is 62 of 107
Answer Stats
player college % Correct
Justin Herbert Oregon
94%
Jalin Hyatt | Peyton Manning Tennessee
94%
Jared Goff | Marshawn Lynch Cal
93%
D'andre Swift | Geroge Pickens Georgia
92%
Baker Mayfield Oklahoma
92%
Ezekiel Elliot Ohio st
91%
Joe Burrow (pre-LSU) Ohio state
91%
Riley Moss Iowa
90%
Joe Namath | Minkah Fitzpatrick Alabama
87%
Keon Coleman Florida st
86%
Ladanian Tomlinson | Max Duggan TCU
85%
Brock Purdy | David Montgomery Iowa st
84%
Sam Darnold | Troy Polamalu USC
84%
Drew Brees Purdue
83%
Will Levis Kentucky
82%
Jadeveon Clowney South Carolina
81%
AJ Brown Ole miss
80%
Tyler Huntley Utah
79%
Desmond Howard Michigan
78%
Chase Claypool | Manti Te'o Notre Dame
78%
Aaron Donald Pitt
77%
Jordan Love Utah St
76%
Bobby Wagner Utah st
76%
AJ Terrell | Hunter Renfrow Clemson
75%
Ray Lewis Miami
75%
Mike Vick Virginia Tech
73%
Doug Flutie | Matt ryan Boston College
72%
Davante Adams Fresno st
72%
Calvin Johnson Georgia tech
72%
Trey Lance North Dakota st
72%
Kirk Cousins Michigan St
71%
Travis Kelce Cincinatti
70%
Randy Moss Marshall
70%
Vita Vea Washington
69%
Rasul Douglas | Tavon Austin West Virginia
66%
Melvin gordon Wisconsin
65%
Bo Jackson Auburn
64%
Chris Godwin Penn st
64%
Devon Achane Texas AM
64%
Patrick Peterson LSU
63%
Taysom Hill BYU
62%
Jaire Alexander | Teddy Bridgewater Louisville
61%
Myles Jack | Troy Aikman UCLA
61%
Joe Flacco Delaware
60%
Cam Ward (pre-miami) Washington st
60%
DJ Moore | JC Jackson Maryland
59%
Brandon Aiyuk Arizona st
57%
Ricky Pearsall (pre-Florida) Arizona state
57%
Cooper Kupp Eastern Washington
56%
Bucky Irving (pre-oregon) Minnesota
54%
John Elway Stanford
52%
Michael Gallup | Trey McBride Colorado st
50%
Khalil Mack Buffalo
49%
Tyler Lockett Kansas st
49%
James Harrison | Julian Edelman Kent st
46%
Bradley Chubb NC state
46%
Aaron Jones UTEP
46%
Darius Slay | Fletcher Cox Mississippi st
45%
Brandn Marshall | Shaqeem Griffin UCF
44%
Chris Carson Oklahoma st
42%
Jim Brown Syracuse
42%
Courtland Sutton SMU
41%
Malcolm Butler | Tyreek Hill West Alabama
39%
Devin McCourty Rutgers
38%
Terry Bradshaw Louisiana Tech
37%
Antonio Gibson | Kenneth Gainwell Memphis
37%
Steve Atwater Arkansas
33%
Kareem Hunt Toledo
33%
Brian Urlacher New Mexico
32%
Cedrick WIlson Boise st
31%
Shadeur Sanders (pre-colorado) Jacksonville st
29%
Adam Theilen Minnesota st
29%
Marshall Faulk San Diego st
27%
Darnell Mooney Tulane
25%
TY Hilton FIU
24%
Joe Greene North Texas
22%
Trey Hendrickson FAU
21%
Tyler Conklin Central Michigan
17%
Darius Leonard South Carolina st
16%
James Robinson Illinois st
15%
Kenny Golladay Northern Illinois
13%
Jalen Coker Holy Cross
9%
Mathew Judon Grand Valley st
7%
Josh Allen (pre-Wyoming) Reedley College
3%
Taron Johson Weber st
3%
Jim Thorpe Carlisle Indian Industrial School
2%
Demarcus Lawrence (pre-Boise st) Blinn College
1%
No matching quizzes found
Score Distribution
Percent of People with Each Score
Percentile by Number Answered
Your Score History
You have not taken this quiz